000
00256nam a2200097Ia 4500
008
231107s2003 xx 000 0 und d
041
_a
eng
100
_a
Southan M.
245
_a
Beginner,s Guide to Silk Painting
260
_a
Great Britan
_b
Search Press
_c
2003
999
_c
925848
_d
925848